00339 2200145 4500245003900000250001100039100002500050650001600075005001900091260001800110041001400128084001400142500002800156336000900184 aSeblakcDina Wahdani TanjunghText aCet. 1 aDina Wahdani Tanjung aKarya Siswa a20250925102746 aJakartac2025 aIndonesia a081 DIN s aKarya Siswa Kelas X-DKV atext